| 000 | 00723cam a22001811a 4500 | ||
|---|---|---|---|
| 082 |
_a624.18341 _bLAK _cL-19 P-7 |
||
| 100 | 1 |
_aLakeman, Albert. _943175 |
|
| 245 | 1 | 0 |
_aElementary guide to reinforced concrete : _ba simple explanation of reinforced concrete design and construction specially written for students, clerks of works, builders, foremen, and others interested in concrete / _cby Albert Lakeman. |
| 250 | _a11th ed. | ||
| 260 |
_aLondon : _bConcrete Publications, _c1940. |
||
| 300 |
_a96 p. : _bill. ; _c22 cm. |
||
| 490 | 0 | _aConcrete series | |
| 526 |
_a0 _b0 _c0 _d624_183410000000000_LAK |
||
| 650 | 0 | _aConcrete construction. | |
| 650 | 0 |
_aMCE _9379 |
|
| 650 | 0 |
_aReinforced concrete. _940928 |
|
| 942 |
_2ddc _cBK |
||
| 999 |
_c547061 _d547061 |
||